Italian Irregular Past Participles (by Chris and Giulia) - Statistics

General Stats
  • This quiz has been taken 50 times
  • The average score is 61 of 79
Answer Stats
Infinitive Past Participle English Translation % Correct
Dire detto Say
98%
Prendere preso Take
98%
Decidere deciso Decide
95%
Fare fatto Do/Make
95%
Mettere messo Put
95%
Accendere acceso Turn on
93%
Aprire aperto Open
93%
Bere bevuto Drink
93%
Dividere diviso Divide/Split
93%
Leggere letto Read
93%
Perdere perso Lose
93%
Essere stato Be
93%
Chiudere chiuso Close
90%
Morire morto Die
90%
Nascere nato To be born
90%
Scrivere scritto Write
90%
Correre corso Run
88%
Rimanere rimasto Remain
88%
Ridere riso Laugh
88%
Succedere successo Happen
88%
Venire venuto Come
88%
Concedere concesso Concede
85%
Deludere deluso Disappoint
85%
Evadere evaso Escape
85%
Invadere Invaso Invade
85%
Uccidere ucciso Kill
85%
Vincere vinto Win
85%
Vedere visto See
85%
Chiedere chiesto Ask
83%
Coprire coperto Cover
83%
Flettere flesso Bend
83%
Illudere illuso Deceive
83%
Piangere pianto Cry
83%
Scegliere scelto Choose
83%
Aggiungere aggiunto Add
80%
Friggere fritto Fry
80%
Rispondere risposto Respond
80%
Scendere sceso Descend
80%
Vivere vissuto Live
80%
Cuocere cotto Cook
78%
Difendere difeso Defend
78%
Produrre prodotto Produce
78%
Reggere retto Hold
78%
Spegnere spento Turn off
78%
Spingere spinto Push
78%
Accogliere accolto Welcome
75%
Cogliere colto Catch (the abstract meaning of something)
75%
Connettere connesso Connect
75%
Rendere reso Return/Give back
75%
Vendere venduto Sell
75%
Ridurre ridotto Reduce
73%
Spendere speso Spend (money, not time)
73%
Tingere tinto Dye
73%
Togliere tolto Remove
73%
Tradurre tradotto Translate
73%
Appendere appeso Hang
70%
Condurre condotto Conduct
70%
Sciogliere sciolto Dissolve/Melt
70%
Scoprire scoperto Discover/Uncover
70%
Sorgere sorto Rise
70%
Trarre tratto Take (a more abstract/literary form)
70%
Porre posto Place
68%
Scomparire scomparso Disappear
68%
Sedurre sedotto Seduce
68%
Ungere unto Oil/Grease
68%
Volgere volto Flip
68%
Apparire apparso Appear
65%
Assumere assunto Employ
65%
Disporre disposto Place (somewhere)
65%
Sospendere sospeso Suspend
65%
Nascondere nascosto Hide
63%
Diffondere diffuso Spread
60%
Muovere mosso Move
60%
Tendere teso Stretch
60%
Valutare valutato Value
58%
Scuotere scosso Shake
50%
Stringere stretto Hug enthusiastically / Squeeze
50%
Valere valso Be worth
50%
Succedere succeduto Succeed (in a geneological sense)
38%
No matching quizzes found
Score Distribution
Percent of People with Each Score
Percentile by Number Answered
Your Score History
You have not taken this quiz